[Event "Muensterland Verbandsliga 1314"]
[Site "Germany"]
[Date "2014.05.03"]
[Round "9.7"]
[White "Scholz, Andreas"]
[Black "Pliete, Christian"]
[Result "1/2-1/2"]
[WhiteElo "1574"]
[BlackElo "1789"]
[PlyCount "26"]
[EventDate "2013.09.07"]
[EventType "team-tourn"]
[EventRounds "9"]
[EventCountry "GER"]
[SourceTitle "EXT 2015"]
[Source "ChessBase"]
[SourceDate "2014.11.20"]
[SourceVersion "1"]
[SourceVersionDate "2014.11.20"]
[SourceQuality "1"]
[WhiteTeam "Muenster Indische Dame"]
[BlackTeam "Raesfeld Erle"]
[WhiteTeamCountry "GER"]
[BlackTeamCountry "GER"]

1. e4 e5 2. Nf3 Nc6 3. Bb5 Bc5 4. c3 Nge7 5. d4 exd4 6. cxd4 Bb4+ 7. Nc3 d5 8. exd5 Qxd5 9. 0-0 Bxc3 10. Bxc6+ Qxc6 11. Ne5 Qd5 12. bxc3 0-0 13. Re1 Ng6 1/2-1/2

[Event "Siebenlehn op 13th"]
[Site "Siebenlehn"]
[Date "2012.12.29"]
[Round "5"]
[White "Faber, Lutz"]
[Black "Scholz, Andreas"]
[Result "1-0"]
[WhiteElo "1928"]
[BlackElo "2084"]
[PlyCount "115"]
[EventDate "2012.12.27"]
[EventType "swiss"]
[EventRounds "7"]
[EventCountry "GER"]
[SourceTitle "EXT 2014"]
[Source "ChessBase"]
[SourceDate "2013.11.20"]
[SourceVersion "1"]
[SourceVersionDate "2013.11.20"]
[SourceQuality "1"]

1. Nc3 d5 2. e4 dxe4 3. Nxe4 e6 4. d4 Nf6 5. Ng3 c5 6. Be3 cxd4 7. Qxd4 Qxd4 8. Bxd4 Be7 9. Bb5+ Bd7 10. Bxd7+ Nbxd7 11. Nf3 Bc5 12. 0-0 0-0 13. Rfd1 Rad8 14. c3 a6 15. Kf1 Bxd4 16. Rxd4 Nb8 17. Rad1 Nc6 18. Rxd8 Rxd8 19. Rxd8+ Nxd8 20. c4 Kf8 21. Ke2 Nc6 22. h3 h6 23. Ke3 Ke7 24. a3 Nd7 25. b4 b6 26. Nh5 g6 27. Nf4 h5 28. Nd3 f6 29. a4 a5 30. bxa5 Nxa5 31. Kd4 Kd6 32. Kc3 Nc6 33. Nb4 Na5 34. Nc2 Nc5 35. Kb4 Nc6+ 36. Kb5 Kc7 37. Nfd4 Na7+ 38. Kb4 e5 39. Nb5+ Nxb5 40. Kxb5 Ne6 41. Ne3 Kb7 42. Nd5 Nd4+ 43. Kb4 f5 44. Ne7 g5 45. Ng6 e4 46. c5 f4 47. cxb6 e3 48. fxe3 fxe3 49. Kc3 e2 50. Kd2 Kxb6 51. Ne5 Ka5 52. Nf3 e1Q+ 53. Nxe1 Kxa4 54. Kd3 Nf5 55. Ke4 Nh4 56. g3 Ng6 57. Kf5 Ne7+ 58. Kxg5 1-0

[Event "Siebenlehn op 13th"]
[Site "Siebenlehn"]
[Date "2012.12.28"]
[Round "4"]
[White "Scholz, Andreas"]
[Black "Muehlberg, Frank"]
[Result "1/2-1/2"]
[WhiteElo "2084"]
[BlackElo "2004"]
[PlyCount "35"]
[EventDate "2012.12.27"]
[EventType "swiss"]
[EventRounds "7"]
[EventCountry "GER"]
[SourceTitle "EXT 2014"]
[Source "ChessBase"]
[SourceDate "2013.11.20"]
[SourceVersion "1"]
[SourceVersionDate "2013.11.20"]
[SourceQuality "1"]

1. e4 c6 2. c4 d5 3. cxd5 cxd5 4. exd5 Nf6 5. Qa4+ Nbd7 6. Nc3 g6 7. Bb5 Bg7 8. d4 0-0 9. Bxd7 Nxd7 10. Nge2 Nb6 11. Qb3 Bf5 12. 0-0 Bd3 13. Re1 Bc4 14. Qd1 Nxd5 15. Be3 Nxe3 16. fxe3 Bh6 17. Nf4 Qa5 18. Qf3 1/2-1/2

[Event "Siebenlehn op 13th"]
[Site "Siebenlehn"]
[Date "2012.12.28"]
[Round "3"]
[White "Zienert, Richard"]
[Black "Scholz, Andreas"]
[Result "0-1"]
[WhiteElo "1831"]
[BlackElo "2084"]
[PlyCount "42"]
[EventDate "2012.12.27"]
[EventType "swiss"]
[EventRounds "7"]
[EventCountry "GER"]
[SourceTitle "EXT 2014"]
[Source "ChessBase"]
[SourceDate "2013.11.20"]
[SourceVersion "1"]
[SourceVersionDate "2013.11.20"]
[SourceQuality "1"]

1. e4 e5 2. Nf3 Nc6 3. Bb5 a6 4. Ba4 Nf6 5. 0-0 b5 6. Bb3 Be7 7. Re1 0-0 8. c3 d5 9. exd5 e4 10. Ng5 Bg4 11. Qc2 Ne5 12. Nxe4 Nxe4 13. Qxe4 Bd6 14. d4 f5 15. Qc2 Nf3+ 16. gxf3 Qh4 17. fxg4 Qxh2+ 18. Kf1 fxg4 19. Be3 Rae8 20. Nd2 Rxe3 21. Nf3 Rexf3 0-1

[Event "Muensterland Verbandsliga 1011"]
[Site "Germany"]
[Date "2011.02.05"]
[Round "6.8"]
[White "Rublack, Ralf"]
[Black "Scholz, Andreas"]
[Result "1/2-1/2"]
[WhiteElo "1895"]
[BlackElo "1637"]
[PlyCount "69"]
[EventDate "2010.09.25"]
[EventType "team-tourn"]
[EventRounds "9"]
[EventCountry "GER"]
[SourceTitle "EXT 2012"]
[Source "ChessBase"]
[SourceDate "2011.11.24"]
[SourceVersion "1"]
[SourceVersionDate "2011.11.24"]
[SourceQuality "1"]
[WhiteTeam "Suedlohn"]
[BlackTeam "Muenster Indische Dame"]
[WhiteTeamCountry "GER"]
[BlackTeamCountry "GER"]

1. Nf3 Nf6 2. d4 d5 3. Bg5 Bg4 4. Nbd2 Nbd7 5. c3 e6 6. Ne5 Be7 7. Nxg4 Nxg4 8. Bxe7 Qxe7 9. e4 Nh6 10. Bd3 dxe4 11. Bxe4 c6 12. 0-0 Nf6 13. Bf3 Nf5 14. Ne4 Nh4 15. Ng3 Nxf3+ 16. Qxf3 0-0 17. Rfe1 Qd7 18. Re5 h6 19. Rae1 Rfe8 20. Nf1 Rad8 21. h3 Qe7 22. Nh2 Rd5 23. Rxd5 cxd5 24. Ng4 Nxg4 25. Qxg4 g6 26. Qf4 Kg7 27. Qe3 h5 28. f4 Qf6 29. Re2 Rc8 30. g3 Qf5 31. Kg2 Rc6 32. Qe5+ Qxe5 33. fxe5 a5 34. Kf3 b5 35. Ke3 1/2-1/2

[Event "Muensterland Verbandsklasse-B 0809"]
[Site "Germany"]
[Date "2009.02.28"]
[Round "7.8"]
[White "Scholz, Andreas"]
[Black "Binger, Friedhelm"]
[Result "0-1"]
[WhiteElo "1649"]
[BlackElo "1794"]
[PlyCount "144"]
[EventDate "2008.09.13"]
[EventType "tourn"]
[EventRounds "9"]
[EventCountry "GER"]
[SourceTitle "EXT 2010"]
[Source "ChessBase"]
[SourceDate "2010.11.25"]
[SourceVersion "1"]
[SourceVersionDate "2010.11.25"]
[SourceQuality "1"]
[WhiteTeam "Muenster Indische Dame"]
[BlackTeam "Gronau"]
[WhiteTeamCountry "GER"]
[BlackTeamCountry "GER"]

1. e4 e5 2. Nf3 Nc6 3. Bb5 a6 4. Ba4 Nf6 5. 0-0 Be7 6. Re1 b5 7. Bb3 d6 8. c3 0-0 9. d4 Bg4 10. h3 Bxf3 11. Qxf3 exd4 12. Qd3 dxc3 13. Nxc3 Ne5 14. Qe2 Ng6 15. Bg5 h6 16. Bd2 c5 17. Nd5 Re8 18. Rad1 c4 19. Bc2 Nxd5 20. exd5 Bg5 21. Qxe8+ Qxe8 22. Rxe8+ Rxe8 23. Bb4 Rd8 24. Ba5 Re8 25. Bc7 Bf4 26. g3 Rc8 27. Ba5 Be5 28. Bf5 Ra8 29. Rd2 Ne7 30. Be4 g5 31. Re2 f5 32. Bg2 Kf7 33. Rxe5 dxe5 34. d6 Ra7 35. dxe7 Rxe7 36. Bd5+ Kg6 37. Bc3 e4 38. Bc6 Kf7 39. Bd5+ Kg6 40. Kg2 Rd7 41. Bc6 Re7 42. Bb4 Re6 43. Bd7 Rf6 44. Be8+ Kh7 45. Kf1 Rb6 46. Ke2 Rb8 47. Bh5 Rd8 48. Ke1 Rd3 49. Be2 Rd8 50. f3 exf3 51. Bxf3 Kg6 52. Bb7 Re8+ 53. Kf2 Re6 54. Kf3 h5 55. Bc8 Rb6 56. Bc3 b4 57. Bd2 c3 58. bxc3 bxc3 59. Be3 c2 60. a4 Rb1 61. Bxa6 Rb3 62. Ke2 Rxe3+ 63. Kd2 Rxg3 64. Kxc2 Rxh3 65. Bd3 Re3 66. a5 h4 67. a6 Re7 68. Bf1 Ra7 69. Kd2 h3 70. Ke3 h2 71. Bg2 Rxa6 72. Kf2 Ra1 0-1

[Event "FICGS theme 0000 email"]
[Site "FICGS email"]
[Date "2006.08.21"]
[Round "1"]
[White "Scholz, Andreas"]
[Black "Melquiades, Jay"]
[Result "1-0"]
[WhiteElo "1200"]
[BlackElo "1200"]
[PlyCount "35"]
[EventDate "2006.??.??"]
[EventType "swiss (corr)"]
[EventRounds "1"]
[SourceTitle "Corr 2022"]
[Source "ChessBase"]
[SourceDate "2021.10.24"]
[SourceVersion "1"]
[SourceVersionDate "2021.10.24"]
[SourceQuality "1"]

1. Nf3 Nf6 2. d4 Ng8 3. e4 Nf6 4. Nc3 Ng8 5. Nd5 Nf6 6. Bc4 Nxe4 7. Bf4 d6 8. 0-0 e5 9. dxe5 dxe5 10. Bxe5 c6 11. Nc7+ Ke7 12. Nxa8 Qxd1 13. Raxd1 b5 14. Rfe1 bxc4 15. Rxe4 f5 16. Rxc4 Na6 17. Rxc6 Bb7 18. Rc7+ 1-0

[Event "Dresden ZMD op"]
[Site "Dresden"]
[Date "2005.07.25"]
[Round "3"]
[White "Postny, Evgeny"]
[Black "Scholz, Andreas"]
[Result "1-0"]
[WhiteElo "2559"]
[BlackElo "2151"]
[PlyCount "45"]
[EventDate "2005.07.23"]
[EventType "swiss"]
[EventRounds "9"]
[EventCountry "GER"]
[SourceTitle "EXT 2006"]
[Source "ChessBase"]
[SourceDate "2005.11.24"]
[SourceVersion "1"]
[SourceVersionDate "2005.11.24"]
[SourceQuality "1"]

1. e4 e5 2. Nf3 Nc6 3. Bb5 Nf6 4. 0-0 d6 5. d4 exd4 6. Nxd4 Bd7 7. Nc3 Be7 8. Bxc6 bxc6 9. Re1 0-0 10. b3 c5 11. Nde2 Bc6 12. Nf4 Re8 13. Bb2 Qc8 14. a3 Qb7 15. Qd3 Bf8 16. Nfd5 Bxd5 17. exd5 c6 18. dxc6 Qxc6 19. Qb5 Qc7 20. Rxe8 Rxe8 21. Nd5 Qd8 22. Bxf6 gxf6 23. Qxe8 1-0